Pixar Movies By Rotten Tomatoes Score - Statistics

General Stats
  • This quiz has been taken 34 times
  • The average score is 18 of 28
Answer Stats
Year of Release Answer Score % Correct
1995 Toy Story 100%
100%
1999 Toy Story 2 100%
96%
2010 Toy Story 3 98%
79%
2015 Inside Out 98%
75%
2019 Toy Story 4 97%
75%
2011 Cars 2 39%
67%
2017 Coco 97%
67%
2003 Finding Nemo 99%
67%
2024 Inside Out 2 90%
67%
2009 Up 98%
67%
2008 Wall-E 95%
67%
2006 Cars 74%
63%
2017 Cars 3 69%
63%
2007 Ratatouille 96%
63%
2004 The Incredibles 97%
63%
2016 Finding Dory 94%
58%
2018 Incredibles 2 93%
58%
2001 Monsters Inc. 96%
58%
2020 Onward 88%
58%
2020 Soul 95%
58%
2022 Turning Red 95%
58%
1998 A Bug's Life 92%
54%
2023 Elemental 73%
54%
2021 Luca 91%
54%
2012 Brave 78%
50%
2022 Lightyear 74%
50%
2013 Monster's University 80%
50%
2015 The Good Dinosaur 76%
50%
No matching quizzes found
Score Distribution
Percent of People with Each Score
Percentile by Number Answered
Your Score History
You have not taken this quiz